<?xml version="1.0" encoding="UTF-8"?>
<record
    xmlns:xsi="http://www.w3.org/2001/XMLSchema-instance"
    xsi:schemaLocation="http://www.loc.gov/MARC21/slim http://www.loc.gov/standards/marcxml/schema/MARC21slim.xsd"
    xmlns="http://www.loc.gov/MARC21/slim">

  <leader>01353nam a2200289 a 4500</leader>
  <controlfield tag="001">44799</controlfield>
  <controlfield tag="003">BD-RjUL</controlfield>
  <controlfield tag="005">20211209053923.0</controlfield>
  <controlfield tag="008">160720r19851979bg ||||| |||| 00| 0 ben d</controlfield>
  <datafield tag="020" ind1=" " ind2=" ">
    <subfield code="c">: TK 20.00</subfield>
  </datafield>
  <datafield tag="035" ind1=" " ind2=" ">
    <subfield code="a">(BD-RjUL)44917</subfield>
  </datafield>
  <datafield tag="040" ind1=" " ind2=" ">
    <subfield code="a">BD-RjUL</subfield>
    <subfield code="b">ben</subfield>
    <subfield code="c">BD-RjUL</subfield>
  </datafield>
  <datafield tag="041" ind1=" " ind2=" ">
    <subfield code="a">ben</subfield>
  </datafield>
  <datafield tag="082" ind1=" " ind2=" ">
    <subfield code="2">23</subfield>
    <subfield code="a">297.41</subfield>
    <subfield code="b">GAA 1985</subfield>
  </datafield>
  <datafield tag="100" ind1="1" ind2=" ">
    <subfield code="a">&#x997;&#x9BE;&#x99C;&#x9CD;&#x99C;&#x9BE;&#x9B2;&#x9C0;, &#x987;&#x9AE;&#x9BE;&#x9AE;</subfield>
    <subfield code="9">137316</subfield>
  </datafield>
  <datafield tag="245" ind1="1" ind2="0">
    <subfield code="a">&#x986;&#x995;&#x9C0;&#x9A6;&#x9BE; &#x993; &#x986;&#x9AE;&#x9B2; /</subfield>
    <subfield code="c">&#x987;&#x9AE;&#x9BE;&#x9AE; &#x997;&#x9BE;&#x99C;&#x9CD;&#x99C;&#x9BE;&#x9B2;&#x9C0; ; &#x987;&#x982;&#x9B0;&#x9C7;&#x99C;&#x9C0; &#x985;&#x9A8;&#x9C1;&#x9AC;&#x9BE;&#x9A6;: &#x9AE;&#x9A8;&#x9CD;&#x99F;&#x997;&#x9CB;&#x9AE;&#x9BE;&#x9B0;&#x9C0; &#x993;&#x9AF;&#x9BC;&#x9BE;&#x99F; ;  &#x9AC;&#x9BE;&#x982;&#x9B2;&#x9BE; &#x985;&#x9A8;&#x9C1;&#x9AC;&#x9BE;&#x9A6;: &#x98F;&#x9AE;. &#x98F;. &#x9B8;&#x9BE;&#x9AE;&#x9BE;&#x9A6;</subfield>
  </datafield>
  <datafield tag="250" ind1=" " ind2=" ">
    <subfield code="a">&#x9E8;&#x9AF;&#x9BC; &#x9B8;&#x982;.</subfield>
  </datafield>
  <datafield tag="260" ind1=" " ind2=" ">
    <subfield code="a">&#x9A2;&#x9BE;&#x995;&#x9BE; : </subfield>
    <subfield code="b">&#x987;&#x9B8;&#x9B2;&#x9BE;&#x9AE;&#x9BF;&#x995; &#x9AB;&#x9BE;&#x989;&#x9A3;&#x9CD;&#x9A1;&#x9C7;&#x9B6;&#x9A8; &#x9AC;&#x9BE;&#x982;&#x9B2;&#x9BE;&#x9A6;&#x9C7;&#x9B6;,</subfield>
    <subfield code="c">&#x9E7;&#x9EF;&#x9EE;&#x9EB;</subfield>
  </datafield>
  <datafield tag="300" ind1=" " ind2=" ">
    <subfield code="a">[&#x9E7;&#x9E6;], &#x9E7;&#x9EA;&#x9ED; &#x9AA;&#x9C3;. ; </subfield>
    <subfield code="c">&#x9E7;&#x9EE; &#x9B8;&#x9C7;&#x9AE;&#x9BF;.</subfield>
  </datafield>
  <datafield tag="490" ind1=" " ind2=" ">
    <subfield code="a">&#x987;. &#x9AB;&#x9BE;. &#x9AC;&#x9BE;. &#x9AA;&#x9CD;&#x9B0;&#x995;&#x9BE;&#x9B6;&#x9A8;&#x9BE; ;</subfield>
    <subfield code="v">&#x9EB;&#x9EE;/&#x9E7;</subfield>
  </datafield>
  <datafield tag="650" ind1=" " ind2=" ">
    <subfield code="a">&#x987;&#x9B8;&#x9B2;&#x9BE;&#x9AE;</subfield>
    <subfield code="x">&#x9AC;&#x9BF;&#x9B6;&#x9CD;&#x9AC;&#x9BE;&#x9B8;</subfield>
    <subfield code="9">137318</subfield>
  </datafield>
  <datafield tag="650" ind1=" " ind2=" ">
    <subfield code="a">Islam </subfield>
    <subfield code="x">Faith</subfield>
    <subfield code="9">137319</subfield>
  </datafield>
  <datafield tag="700" ind1=" " ind2=" ">
    <subfield code="a">&#x993;&#x9AF;&#x9BC;&#x9BE;&#x99F;, &#x9AE;&#x9A8;&#x9CD;&#x99F;&#x997;&#x9CB;&#x9AE;&#x9BE;&#x9B0;&#x9C0;, &#x987;&#x982;&#x9B0;&#x9C7;&#x99C;&#x9C0; &#x985;&#x9A8;&#x9C1;&#x9AC;&#x9BE;&#x9A6;&#x995;</subfield>
    <subfield code="9">137322</subfield>
  </datafield>
  <datafield tag="700" ind1=" " ind2=" ">
    <subfield code="a">&#x9B8;&#x9BE;&#x9AE;&#x9BE;&#x9A6;, &#x98F;&#x9AE;. &#x98F;. , &#x9AC;&#x9BE;&#x982;&#x9B2;&#x9BE; &#x985;&#x9A8;&#x9C1;&#x9AC;&#x9BE;&#x9A6;&#x995;</subfield>
    <subfield code="9">236876</subfield>
  </datafield>
  <datafield tag="830" ind1=" " ind2=" ">
    <subfield code="a">&#x987;. &#x9AB;&#x9BE;. &#x9AC;&#x9BE;. &#x9AA;&#x9CD;&#x9B0;&#x995;&#x9BE;&#x9B6;&#x9A8;&#x9BE; ;</subfield>
    <subfield code="v">&#x9EB;&#x9EE;/&#x9E7;</subfield>
    <subfield code="9">228218</subfield>
  </datafield>
  <datafield tag="942" ind1=" " ind2=" ">
    <subfield code="2">ddc</subfield>
    <subfield code="c">BK</subfield>
  </datafield>
  <datafield tag="999" ind1=" " ind2=" ">
    <subfield code="c">44799</subfield>
    <subfield code="d">44799</subfield>
  </datafield>
  <datafield tag="952" ind1=" " ind2=" ">
    <subfield code="0">0</subfield>
    <subfield code="1">0</subfield>
    <subfield code="2">ddc</subfield>
    <subfield code="4">0</subfield>
    <subfield code="7">0</subfield>
    <subfield code="8">NFIC</subfield>
    <subfield code="a">RUCL</subfield>
    <subfield code="b">RUCL</subfield>
    <subfield code="c">Stack</subfield>
    <subfield code="d">1996-03-04</subfield>
    <subfield code="e">Islamic foundation</subfield>
    <subfield code="g">20.00</subfield>
    <subfield code="l">0</subfield>
    <subfield code="o">B 297.22 GAA 1985</subfield>
    <subfield code="r">2016-07-20 00:00:00</subfield>
    <subfield code="t">C-2</subfield>
    <subfield code="w">2021-12-09</subfield>
    <subfield code="y">BK</subfield>
  </datafield>
</record>
